La Situación demográfica de Centroamérica: 1950-1980 /
En el trabajo se presenta algunos datos básicos sobre la evolución demográfica de Centroamérica en el período 1950-1980. Se comentan los resultados de las proyecciones disponibles, relativas a la situación previsible para los años 2000 y 2025. El análisis es descriptivo, de presentación comparada de...
Guardado en:
| Hovedforfatter: | |
|---|---|
| Format: | Texto |
| Sprog: | Spanish |
| Udgivet: |
San José, Costa Rica
Editorial Universidad de Costa Rica
1984
|
| Fag: | |
| Tags: |
Tilføj Tag
Ingen Tags, Vær først til at tagge denne postø!
|
MARC
| LEADER | 00000 a a2200000 04500 | ||
|---|---|---|---|
| 001 | 820 | ||
| 003 | cru IIS | ||
| 005 | 20210622173325.0 | ||
| 008 | 210622b1984 cr|||||| |||| 00| 0 spa d | ||
| 022 | |a 0377-7316 | ||
| 040 | |a Centro de Recursos para el Aprendizaje y a Investigación |b Español |c cru IIS | ||
| 090 | |a REV0040 10 1984 | ||
| 100 | |a Baires Martínez, Yolanda | ||
| 245 | |a La Situación demográfica de Centroamérica: |b 1950-1980 / |c Yolanda Baires Martínez | ||
| 260 | |a San José, Costa Rica |b Editorial Universidad de Costa Rica |c 1984 | ||
| 300 | |a pp. 143-150 | ||
| 500 | |a Colección Centroamérica | ||
| 520 | |a En el trabajo se presenta algunos datos básicos sobre la evolución demográfica de Centroamérica en el período 1950-1980. Se comentan los resultados de las proyecciones disponibles, relativas a la situación previsible para los años 2000 y 2025. El análisis es descriptivo, de presentación comparada de los datos básicos. Los datos provienen del Centro Latinoamericano de Demografía , como base para la elaboración de proyecciones de cada uno de los países de América Latina, para el período 1980-2025. Se analiza los efectos de la creciente inestabilidad política del área . La guerra civil en El Salvador y Guatemala, al igual que el movimiento insurreccional en Nicaragua, han tenido y siguen teniendo un impacto demográfico que no puede evaluarse únicamente en términos del número de víctimas. Desplazamientos de población y afluencia de refugiados hacia zonas limítrofes o países vecinos.HMBQ/HMBQ | ||
| 650 | |a PUB.IIS | ||
| 650 | |a POBLACION | ||
| 650 | |a DEMOGRAFIA | ||
| 650 | |a MORTALIDAD | ||
| 650 | |a FECUNDIDAD | ||
| 650 | |a ASPECTOS POLITICOS | ||
| 650 | |a ASPECTOS SOCIALES | ||
| 650 | |a POBLACION | ||
| 650 | |a DEMOGRAFIA | ||
| 650 | |a MORTALIDAD | ||
| 650 | |a FECUNDIDAD | ||
| 773 | 0 | |0 18765 |9 5809 |a Universidad de Costa Rica. |d San José, Costa Rica: Editorial Universidad de Costa Rica, 1974- |o 04079 |t Anuario de Estudios Centroamericanos / |x 03777316 |g número 10; páginas 143-150 | |
| 942 | |2 ddc |c PP |h REV0040 10 1984 |k REV0040 |m 10 1984 |6 REV0040_10_1984 | ||
| 999 | |c 35297 |d 35297 | ||
